University Home | Library Home | Institutional Repository

The quest for a United Germany / (Record no. 161643)

MARC details
000 -LEADER
fixed length control field 00846cam8a220024100 4500
001 - CONTROL NUMBER
control field qce00807580
005 - DATE AND TIME OF LATEST TRANSACTION
control field 20190826095309.0
008 - FIXED-LENGTH DATA ELEMENTS--GENERAL INFORMATION
fixed length control field 720919s1967 mdub b 000 0 eng
010 ## - LIBRARY OF CONGRESS CONTROL NUMBER
LC control number 67016914
035 ## - SYSTEM CONTROL NUMBER
System control number (Sirsi) r103432
035 ## - SYSTEM CONTROL NUMBER
System control number (QCAT)lss00291110
035 ## - SYSTEM CONTROL NUMBER
System control number (UPRA)qce00807580
040 ## - CATALOGING SOURCE
Modifying agency UPRA
050 0# - LIBRARY OF CONGRESS CALL NUMBER
Classification number DD257.25
Item number .V3
082 ## - DEWEY DECIMAL CLASSIFICATION NUMBER
Classification number 320.9/43
100 1# - MAIN ENTRY--PERSONAL NAME
Personal name Vali, Ferenc A. (Ferenc Albert), 1905-
Fuller form of name Vali, Ferenc A. (Ferenc Albert), 1905-
Dates associated with a name Vali, Ferenc A. (Ferenc Albert), 1905-
Linkage A60625.1
245 14 - TITLE STATEMENT
Title The quest for a United Germany /
Statement of responsibility, etc. by Ferenc A. Vali.
260 ## - PUBLICATION, DISTRIBUTION, ETC.
Place of publication, distribution, etc. Baltimore :
Name of publisher, distributor, etc. Johns Hopkins Press,
Date of publication, distribution, etc. [1967]
504 ## - BIBLIOGRAPHY, ETC. NOTE
Bibliography, etc. note Bibliography: p. 291-309.
650 #0 - SUBJECT ADDED ENTRY--TOPICAL TERM
Topical term or geographic name entry element German reunification question (1949-1990)
Linkage S47107.1
949 ## - LOCAL PROCESSING INFORMATION (OCLC)
a DD257.25
w lcc
c 1
i 33729000080213
m MAIN
p 2500
t BOOK
l ON-SHELF

No items available.

© 2026 - The University of Zambia Library - Koha v25.11